An investigation into stylistic devices used in bình ngô đại cáo by nguyễn trãi and tuyên ngôn độc lập by hồ chí minh and their english equivalents in terms of translation /

This thesis points out the finding of stylistic features of some commonly used stylistic devices namely simile, repetition, enumeration, antithesis and hyperbole in “Bình Ngô Đại Cáo” and “Tuyên Ngôn Độc Lập” and their English translational equivalents in “Proclamation of Victory” and “Declaration o...

पूर्ण विवरण

में बचाया:
ग्रंथसूची विवरण
मुख्य लेखक: Hoàng,Thị Kim Cúc.
स्वरूप: पुस्तक
भाषा:English
प्रकाशित: đhnn, 2016.
विषय:
टैग : टैग जोड़ें
कोई टैग नहीं, इस रिकॉर्ड को टैग करने वाले पहले व्यक्ति बनें!
Thư viện lưu trữ: Mạng thư viện Đại học Đà Nẵng
LEADER 04067nam a22003971a 4500
001 000041178
003 17474
005 20240619150325.0
008 170309s2016 vm 000 eng
040 |a LNN 
041 |a eng 
082 |a 428  |b HO-C 
100 |a Hoàng,Thị Kim Cúc. 
245 3 |a An investigation into stylistic devices used in bình ngô đại cáo by nguyễn trãi and tuyên ngôn độc lập by hồ chí minh and their english equivalents in terms of translation /  |c Hoàng Thị Kim Cúc. 
260 |a đhnn,  |c 2016. 
300 |a 81tr . : ill ; 30cm. 
500 |a Master thesis in social sciences and humanties 
520 |a This thesis points out the finding of stylistic features of some commonly used stylistic devices namely simile, repetition, enumeration, antithesis and hyperbole in “Bình Ngô Đại Cáo” and “Tuyên Ngôn Độc Lập” and their English translational equivalents in “Proclamation of Victory” and “Declaration of Independence”, the similarities and differences between them, and the loss and gain of some common used stylistic devices. The data of the study are totally collected from “Bình Ngô Đại Cáo” and “Tuyên Ngôn Độc Lập” and their English translational equivalents in “Proclamation of Victory” and “Declaration of Independence”. They are described and contrastively analyzed on stylistic aspects under qualitative and quantitative approaches to reveal more precise points on stylistic devices. Hopefully the study is useful to those who want to know more about the Vietnamese history because the literary works of Nguyen Trai and Ho Chi Minh are not only the political commentaries but also the glorious pages in history of the nation. They help us learn more about the Vietnamese in war and respect the peaceful life that we achieved by blood and tears of millions of Vietnamese. 
650 |a stylistic devices, bình ngô đại cáo , terms of translation, tuyên ngôn độc lập 
653 |a bình ngô đại cáo 
653 |a terms of translation 
653 |a tuyên ngôn độc lập 
OWN |a LNN 
AVA |a UDN50  |b LNN  |c English  |d 428 HO-C  |e available  |t Error 5001 Not defined in file expand_doc_bib_avail.  |f 1  |g 0  |h N  |i 0  |j AN  |k 1 
Z40 3 |y AN INVESTIGATION INTO STYLISTIC DEVICES USED IN BÌNH NGÔ ĐẠI CÁO BY NGUYỄN TRÃI AND TUYÊN  |l Library of UFL  |t VIEW  |x http://catalog.udn.vn:80/F?func=service&doc_library=UDN01&local_base=UDN01&doc_number=000041178&sequence=000001&line_number=0001&func_code=DB_RECORDS&service_type=MEDIA  |f TOMTAT_000007879.pdf  |e pdf  |s 000267141  |k 20200913  |m NTMTHI 
Z40 3 |y AN INVESTIGATION INTO STYLISTIC DEVICES USED IN BÌNH NGÔ ĐẠI CÁO BY NGUYỄN TRÃI AND TUYÊN  |l Library of UFL  |t VIEW  |x http://catalog.udn.vn:80/F?func=service&doc_library=UDN01&local_base=UDN01&doc_number=000041178&sequence=000002&line_number=0002&func_code=DB_RECORDS&service_type=MEDIA  |f luanvan_000007881.pdf  |e pdf  |s 000802474  |k 20200913  |m NTMTHI 
999 |a From the UDN01 
AVA |a UDN50  |b LNN  |c English  |d 428 HO-C  |e available  |t Error 5001 Not defined in file expand_doc_bib_avail.  |f 1  |g 0  |h N  |i 0  |j AN  |k 1 
TYP |a Monograph 
TYP |a Printed language 
856 |y AN INVESTIGATION INTO STYLISTIC DEVICES USED IN BÌNH NGÔ ĐẠI CÁO BY NGUYỄN TRÃI AND TUYÊN  |l Library of UFL  |t VIEW  |x http://catalog.udn.vn:80/F?func=service&doc_library=UDN01&local_base=UDN01&doc_number=000041178&sequence=000001&line_number=0001&func_code=DB_RECORDS&service_type=MEDIA  |f TOMTAT_000007879.pdf  |e pdf  |s 000267141  |k 20200913  |m NTMTHI 
856 |y AN INVESTIGATION INTO STYLISTIC DEVICES USED IN BÌNH NGÔ ĐẠI CÁO BY NGUYỄN TRÃI AND TUYÊN  |l Library of UFL  |t VIEW  |x http://catalog.udn.vn:80/F?func=service&doc_library=UDN01&local_base=UDN01&doc_number=000041178&sequence=000002&line_number=0002&func_code=DB_RECORDS&service_type=MEDIA  |f luanvan_000007881.pdf  |e pdf  |s 000802474  |k 20200913  |m NTMTHI 
980 |a Mạng thư viện Đại học Đà Nẵng